| 000 -LEADER |
| fixed length control field |
00594pam a2200181 a 4500 |
| 020 ## - INTERNATIONAL STANDARD BOOK NUMBER |
| ISBN |
0072870982 |
| 020 ## - INTERNATIONAL STANDARD BOOK NUMBER |
| ISBN |
0072870990 (v. 1 : pbk. : acidfree paper) |
| 020 ## - INTERNATIONAL STANDARD BOOK NUMBER |
| ISBN |
0072871008 (v. 2 : pbk. : acidfree paper) |
| 040 ## - CATALOGING SOURCE |
| Transcribing agency |
DLC |
| 082 00 - DEWEY DECIMAL CLASSIFICATION NUMBER |
| Classification number |
973 MCG 2004 A099 Or. |
| 245 00 - TITLE STATEMENT |
| Title |
Nation of nations : |
| Remainder of title |
a narrative history of the American republic / |
| 250 ## - EDITION STATEMENT |
| Edition statement |
5th ed. |
| 260 ## - PUBLICATION, DISTRIBUTION, ETC. (IMPRINT) |
| Place of publication |
New York : |
| Name of publisher |
McGraw-Hill, |
| Year of publication |
c2004. |
| 300 ## - PHYSICAL DESCRIPTION |
| Number of Pages |
2 v. : |
| Other physical details |
ill. (some col.), col. maps ; |
| Dimensions |
26 cm. + 1 CD-ROM (4 3/4 in.). |
| 500 ## - GENERAL NOTE |
| General note |
Map on lining papers. |
| 700 1# - ADDED ENTRY--PERSONAL NAME |
| Personal name |
Davidson, James West. |
| 942 ## - ADDED ENTRY ELEMENTS (KOHA) |
| Koha item type |
សៀវភៅភាសាអង់គ្លេស |
| 952 ## - LOCATION AND ITEM INFORMATION (KOHA) |
| Withdrawn status [LOCAL, KOHA] |
0 |